|
|
|
|
| LEADER |
00000nam a2200000 4500 |
| 008 |
171011b2017 pe a|||| |||| 00| | spa d |
| 999 |
|
|
|c 3439
|d 3439
|
| 090 |
|
|
|a 06.03.04
|b 2428
|
| 110 |
2 |
|
|9 3234
|a Universidad Peruana Cayetano Heredia. Facultad de Educación
|
| 245 |
1 |
0 |
|a Guía didáctica para la enseñanza y aprendizaje de la lectura y escritura
|
| 260 |
|
|
|a [Lima, Perú] :
|b USAID,
|c 2017
|
| 300 |
|
|
|a volúmenes;
|b ilustraciones
|
| 650 |
1 |
4 |
|9 365
|a LECTURA
|
| 650 |
1 |
4 |
|9 1189
|a ESCRITURA
|
| 650 |
1 |
4 |
|9 1822
|a GUÍA
|
| 650 |
1 |
4 |
|9 80
|a ALFABETIZACIÓN
|
| 942 |
|
|
|i 004362,004363,004364
|h 06.03.04 2428
|2 z
|c 01
|